A pályázat és a pályázati kommunikáció elemzése az MBH Forrás Zrt. példáján keresztül

Bibliographic Details
Main Author: Varga Boglárka
Other Authors: Gajzágó Dr. Éva Judit
Format: Project work
Kulcsszavak:7P modell
EU támogatás - EU pályázat
pályázati támogatások
SWOT-elemzés
szolgáltatásmarketing
Online Access:http://dolgozattar.uni-bge.hu/60303

MARC

LEADER 00000nnm a2200000 i 4500
001 dolg60303
005 20260409150258.0
008 260409suuuu hu o 000 hun d
040 |a BGE Dolgozattár Repozitórium  |b hun 
041 |a hu 
100 1 |a Varga Boglárka 
245 1 2 |a A pályázat és a pályázati kommunikáció elemzése az MBH Forrás Zrt. példáján keresztül  |c Varga Boglárka  |h [elektronikus dokumentum] 
516 |a Project_work 
520 3 |a A pályázati lehetőségek fontos szerepet töltenek be a vállalatok, az önkormányzatok és a különböző szervezetek életében. Azért tartom fontosnak ezt a területet, mert a sikeres pályázat benyújtásának elengedhetetlen része egy jól megszervezett marketingkommunikációs stratégia. Ez segít abban, hogy a pályázók időben értesüljenek a lehetőségekről, majd megértsék annak menetét és sikeresen nyújtsák be jelentkezésüket. A szakmai gyakorlatomat az MBH Bank Nyrt. egyik leányvállalatánál töltöttem, még pedig az MBH Forrás Zrt.-nél, ahol, olyan szakemberekkel voltam körülvéve, akik igyekeztek átadni legtöbb tudásukat. A szakmai gyakorlatom során betekintést nyerhettem abba, hogy egy vállalat, hogyan ismerteti a pályázati lehetőségeket és milyen stratégiákat alkalmaz annak érdekében, hogy minél több pályázati elnyerést valósítson meg. A projektmunkám célja, hogy bemutassam és elemezzem a pályázatokkal kapcsolatos marketingkommunikációs eszközöket és módszereket az MBH Forrás Zrt. mintájára. Záródolgozatomat a szakirodalmi áttekintésével alapozom meg. Ebben a részben kitérek a marketing fogalmának értelmezésére, majd a marketingkommunikációs eszközök ismertetésére. Ezt követően ismertetem a marketing legfontosabb modelljeit, valamit a témámhoz leginkább közelálló fogalmakat. Továbbiakban, azaz a dolgozatom második nagyobb fejezetben, pedig betekintést nyújtok az MBH Forrás Zrt. munkájába. Ahol teljeskörű pályázatmenedzselést, üzleti terv és hitelkérelem elkészítést hitelkérelmi menedzselését, egyedi, személyre szabott cégértékelést, cégátvilágítást, zöld vállalati működéssel kapcsolatos tanácsadást, valamit innivációmenedzsmenttel és a kutatásfejlesztéssel kapcsolatos tanácsadást végeznek. Majd ismertetek egy pályázat teljes mentét, ahol a kommunikációt helyezem előtérbe. 
695 |a 7P modell 
695 |a EU támogatás - EU pályázat 
695 |a pályázati támogatások 
695 |a SWOT-elemzés 
695 |a szolgáltatásmarketing 
700 1 |a Gajzágó Dr. Éva Judit  |e ths 
856 4 0 |u http://dolgozattar.uni-bge.hu/60303/1/Projektmunka_Varga%20Bogl%C3%A1rka_V%C3%89GLEGES.pdf  |z Dokumentum-elérés 
856 4 0 |u http://dolgozattar.uni-bge.hu/60303/2/Titoktarta%CC%81si%20ke%CC%81relem_jo.pdf  |z Dokumentum-elérés 
856 4 0 |u http://dolgozattar.uni-bge.hu/60303/3/KM%20FOSZK%20b%C3%ADr%C3%A1lati%20lap%20VB.pdf  |z Dokumentum-elérés